Una respuesta a las presiones

שמור ב:
מידע ביבליוגרפי
פורמט: Texto
נושאים:
תגים: הוספת תג
אין תגיות, היה/י הראשונ/ה לתייג את הרשומה!

MARC

LEADER 00000 a a2200000 04500
001 12125
003
040
245 |a Una respuesta a las presiones  
650 |a PODER POLITICO  
650 |a AGRESION  
650 |a PROBLEMAS POLITICOS  
650 |a GUERRA  
650 |a COOPERACION INTERNACIONAL  
773 |g número 24; páginas 3-5  
999 |c 27464  |d 27464